|
|
|
|
| LEADER |
00000cam a2200000 i 4500 |
| 001 |
DIGPUZ0703 |
| 003 |
NyNyDIG |
| 007 |
cr ||||||||||| |
| 008 |
200626s2019 sp a ob 001 0 spa d |
| 006 |
m o d |
| 035 |
|
|
|a (OCoLC)1162495287
|
| 040 |
|
|
|a DGITA
|b eng
|e rda
|e pn
|c DGITA
|
| 020 |
|
|
|a 9788417873240
|q eBook
|q pdf
|q PUZ
|
| 020 |
|
|
|a 8417873244
|q eBook
|q pdf
|q PUZ
|
| 020 |
|
|
|a 9788491806806
|q eBook
|q pdf
|q UOC
|
| 020 |
|
|
|a 8491806806
|q eBook
|q pdf
|q UOC
|
| 020 |
|
|
|z 9788417873233
|q PUZ
|
| 020 |
|
|
|z 8417873236
|q PUZ
|
| 020 |
|
|
|z 9788491806790
|q UOC
|
| 020 |
|
|
|z 8491806792
|q UOC
|
| 050 |
1 |
4 |
|a N6537.R3 ebook
|
| 082 |
0 |
4 |
|a 709.24
|
| 100 |
1 |
|
|a Puyol Loscertales, Ana,
|e author.
|
| 245 |
1 |
0 |
|a Man Ray :
|b luces, cámara, revolución /
|c Ana Puyol Loscertales.
|
| 250 |
|
|
|a 1a edición.
|
| 264 |
|
1 |
|a Zaragoza, España :
|b Prensas de la Universidad de Zaragoza :
|b Gobierno de Aragón ;
|a [Barcelona] :
|b Editorial UOC,
|c 2019.
|
| 300 |
|
|
|a 1 online resource :
|b illustrations.
|
| 336 |
|
|
|a text
|b txt
|2 rdacontent
|
| 337 |
|
|
|a computer
|b c
|2 rdamedia
|
| 338 |
|
|
|a online resource
|b cr
|2 rdacarrier
|
| 490 |
1 |
|
|a Colección Luis Buñuel ;
|v no. 10
|
| 504 |
|
|
|a Includes bibliographical references.
|
| 588 |
0 |
|
|a Online resource; title from PDF title page (Digitalia, viewed June 26, 2020)
|
| 600 |
0 |
0 |
|a Man Ray,
|d 1890-1976
|x Criticism and interpretation.
|
| 650 |
|
0 |
|a Art and motion pictures.
|
| 655 |
|
0 |
|a Electronic books.
|
| 791 |
2 |
|
|a Digitalia (Firm),
|e distributor.
|
| 793 |
0 |
|
|g Digitalia eBook Collection:
|a Prensas Universitarias de Zaragoza
|
| 776 |
0 |
8 |
|i Print version:
|a Puyol Loscertales, Ana.
|t Man Ray.
|b 1a edición.
|d Zaragoza, España : Prensas de la Universidad de Zaragoza ; [Barcelona] : Editorial UOC, 2019
|z 9788417873233
|w (OCoLC)1131881810
|
| 830 |
|
0 |
|a Colección Luis Buñuel.
|p Cine y vanguardias ;
|v 10.
|
| 856 |
4 |
0 |
|3 Digitalia Hispánica
|u https://www.digitaliapublishing.com/a/63070/
|
| 910 |
|
|
|a Premium collection: 2020
|